Vẽ, mô phỏng, lập trình vi điều khiển tự học proteus bằng hình ảnh
Sách tình bày một số nội dung về Proteus, mô phỏng vi xử lý với Proteus, mô phỏng vi điều khiển PIC với Proteus và PIC CCS và Thiết kế mạch in và liên kết ARDUINO với Proteus.
Kaydedildi:
| Yazar: | |
|---|---|
| Diğer Yazarlar: | |
| Materyal Türü: | Kitap |
| Dil: | Vietnamese |
| Baskı/Yayın Bilgisi: |
H.
Thanh niên
2017
|
| Seri Bilgileri: | Tủ sách STK
|
| Konular: | |
| Etiketler: |
Etiketle
Etiket eklenmemiş, İlk siz ekleyin!
|
| Thư viện lưu trữ: | Thư viện Trường Đại học Nam Cần Thơ |
|---|
| LEADER | 01441nam a22002417a 4500 | ||
|---|---|---|---|
| 001 | NCT_53140 | ||
| 008 | 181017b xxu||||| |||| 00| 0 vie d | ||
| 999 | |c 2546 |d 2546 | ||
| 020 | |a 9786046482321 |c 115000 | ||
| 082 | 0 | 4 | |2 23rd ed. |a 629.89 |b H100 |
| 100 | 1 | |a Trần Thu Hà | |
| 245 | 1 | 0 | |a Vẽ, mô phỏng, lập trình vi điều khiển tự học proteus bằng hình ảnh |c Trần Thu Hà, Phạm Quang Huy |
| 260 | |a H. |b Thanh niên |c 2017 | ||
| 300 | |a 407 tr. |b Hình vẽ, bảng |c 24cm | ||
| 490 | |a Tủ sách STK | ||
| 520 | 3 | |a Sách tình bày một số nội dung về Proteus, mô phỏng vi xử lý với Proteus, mô phỏng vi điều khiển PIC với Proteus và PIC CCS và Thiết kế mạch in và liên kết ARDUINO với Proteus. | |
| 653 | |a Công nghệ kỹ thuật ô tô | ||
| 700 | 1 | |a Phạm Quang Huy | |
| 942 | |2 ddc |c BK | ||
| 952 | |0 0 |1 0 |2 ddc |4 0 |6 629_890000000000000_H100 |7 0 |9 14526 |a 000001 |b 000001 |d 2018-10-17 |o 629.89 H100 |p MD.13656 |r 2018-10-17 |v 115000.00 |w 2018-10-17 |y BK | ||
| 952 | |0 0 |1 0 |2 ddc |4 0 |6 629_890000000000000_H100 |7 0 |9 14527 |a 000001 |b 000001 |d 2018-10-17 |o 629.89 H100 |p MD.13657 |r 2018-10-17 |v 115000.00 |w 2018-10-17 |y BK | ||
| 952 | |0 0 |1 0 |2 ddc |4 0 |6 629_890000000000000_H100 |7 0 |9 14528 |a 000001 |b 000001 |d 2018-10-17 |o 629.89 H100 |p MD.13658 |r 2018-10-17 |v 115000.00 |w 2018-10-17 |y BK | ||
| 980 | |a Thư viện Trường Đại học Nam Cần Thơ | ||


